| 000 | 00330nam a22001217a 4500 | ||
|---|---|---|---|
| 040 | _cNUST | ||
| 082 | _a030,WOR | ||
| 245 |
_aThe World Almanac and book of facts 1983 / _cEditor Hana Umlauf Lane |
||
| 260 |
_aNew Yourk _bjane D. Flatt _c1983 |
||
| 300 | _a975 p.: | ||
| 505 | _aContents not Available | ||
| 942 |
_2ddc _cBK _m030,WOR |
||
| 999 |
_c592593 _d592593 |
||